Las formas jurídicas de la violencia institucional : torturas y otros delitos contra la libertad cometidos por funcionarios públicos /
Guardado en:
| Autor Principal: | |
|---|---|
| Otros Autores: | , |
| Formato: | Libro |
| Idioma: | Spanish |
| Publicado: |
Ciudad Autónoma de Buenos Aires :
Editores del Sur,
2020.
|
| Edición: | 1a. ed. |
| Materias: | |
| Etiquetas: |
Agregar Etiqueta
Sin Etiquetas, Sea el primero en etiquetar este registro!
|
| LEADER | 00789nam a22001935a 4500 | ||
|---|---|---|---|
| 001 | DER.der014653 | ||
| 008 | 210714s2020####ag############000#0#spa#d | ||
| 005 | 20260202091404.0 | ||
| 245 | 1 | 0 | |a Las formas jurídicas de la violencia institucional : |b torturas y otros delitos contra la libertad cometidos por funcionarios públicos / |c Gabriel Bombini, Javier Di Iorio. Prólogo de Daniel E. Rafecas. |
| 250 | |a 1a. ed. | ||
| 260 | |a Ciudad Autónoma de Buenos Aires : |b Editores del Sur, |c 2020. | ||
| 300 | |a 436 p. | ||
| 020 | |a 9789878418087 | ||
| 100 | 1 | |a Bombini, Gabriel. | |
| 700 | 1 | |a Di Iorio, Javier. | |
| 700 | 1 | |a Rafecas, Daniel E., |e prol. | |
| 650 | 7 | |a VIOLENCIA INSTITUCIONAL | |
| 859 | |a DERECHO |b BIB. DERECHO |h 345.023 2 |i B695 |p 009968 | ||
| 859 | |a DERECHO |b BIB. DERECHO |h 345.023 2 |i B695 |p 0010161 |t 1 | ||
